00805nam a2200229 a 450000500170000000800410001701000140005802000260007203500130009803700150011104000180012608200120014410000230015624500520017926000480023127000490027930000250032865000350035394200260038899900170041495201440043120060818091510.0050907s2005 ii av 000 0 eng  aENG-93247 c120.00a9788189840488 aEN-76780 bDBAD / PUB adplbEnglish  a005.133 aVenkatachalam, M.  aBasics of C programming /cby M. Venkatachalam  aErode bPallavi Pathaippagam S. Indiac2008 a194, Kanna Complex, Mettur Road, bErodee11 a267p. c20 cm (pbk)  aC (Computer program language). 2ddccENmVENh005.133 c25377d25377 00102ddc40718NFICaDBADbDBADd2009-03-18eDBAD / PUBg120.00l0o005.133 VENpEN-76780r2009-03-18 00:00:00t1v120.00w2009-03-18yEN